| 000 | 00793cam a22002413a 4500 | ||
|---|---|---|---|
| 001 | 32678 | ||
| 003 | PGUSA | ||
| 005 | 20140828083716.0 | ||
| 008 | 100604s2010||||xxu|||||s|||||000 1 eng d | ||
| 040 |
_aPGUSA _beng |
||
| 042 | _adc | ||
| 050 | 4 | _aPZ | |
| 100 | 1 |
_aOtis, James, _d1848-1912 |
|
| 245 | 1 | 0 |
_aCommodore Barney's Young Spies : _bA Boy's Story of the Burning of the City of Washington _h[electronic resource] / _cJames Otis |
| 260 |
_bProject Gutenberg, _c2010 |
||
| 506 | _aPublic domain in the USA. | ||
| 516 | _aElectronic text | ||
| 653 | _aWashington (D.C.) -- History -- Capture by the British, 1814 -- Juvenile fiction | ||
| 700 | 1 |
_aDavis, J. Watson, _d1870-1959 |
|
| 830 | 0 |
_aProject Gutenberg _v32678 |
|
| 856 | 4 | 0 | _uhttp://www.gutenberg.org/ebooks/32678 |
| 942 | _cEB | ||
| 999 |
_c261933 _d261933 |
||